| 000 | 01812nam0a2200373 4500 | ||
|---|---|---|---|
| 001 | RU\NLR\bibl\435767 | ||
| 005 | 20250623173320.0 | ||
| 010 |
_a5-94228-058-4 _bВ пер. _920000 |
||
| 021 |
_aRU _b2003-32081 _91519 |
||
| 021 |
_aRU _b2003-32531 _91544 |
||
| 035 | _a(NLR Aleph) 000429563 | ||
| 090 |
_a745831 _c745831 |
||
| 100 | _a20030826d2003 |||y0rusy50 ca | ||
| 101 | 0 | _arus | |
| 102 | _aRU | ||
| 105 | _aa ||||||||| | ||
| 200 | 1 |
_aАвтомобиль ВАЗ-2120 и его модификации _eЭксплуатация, техн. обслуживание и ремонт _e[Двигатели с системой распредел. впрыска топлива и карбюратор., объемом 1,7 и 1,8 л. _eЦвет. схема электрооборудования _fСост.: Косарев С.Н., Волгин С.Н.] |
|
| 210 |
_aМ. _cРусьАвтокнига _d2003 |
||
| 215 |
_a207,[1] с. _cил. _d29 |
||
| 300 | _aЗагл. пер. : ВАЗ-2120 и его модификации | ||
| 512 | 1 | _aВАЗ-2120 и его модификации | |
| 606 | 0 |
_aАвтомобили ВАЗ "Надежда" _jРуководства, пособия и т.п. _xЭксплуатация _92232581 _3RU\NLR\auth\661339966 |
|
| 606 | 0 |
_a"Надежда", легковые автомобили повышенной проходимости _jРуководства, пособия и т.п. _xЭксплуатация _92232576 _3RU\NLR\auth\661339963 |
|
| 675 |
_a629.33.063 _v3 _zrus |
||
| 686 |
_a55.43 _2rugasnti |
||
| 686 |
_a39.335.52 _2rubbk |
||
| 686 | _aО336.552-08я7 | ||
| 702 | 1 |
_aКосарев _bС. Н. _4220 |
|
| 801 | 0 |
_aRU _bRKP _c20030826 _gPSBO |
|
| 801 | 1 |
_aRU _bRKP _c20030826 |
|
| 801 | 2 |
_aRU _bNLR _c20030925 _grcr |
|
| 942 | _cBOOK | ||
| 980 | _aNB | ||